Od vášne k citu vo francúzskom románe 18. storočia: Charles Duclos a jeho spovede Grófa de *** (1741)

Vo francúzskom románe 18. storočia dochádza k radikálnej zmene chápania vášní, prioritne lásky ako hlavnej témy románového príbehu. Oproti klasicistickej koncepcii vášeň už nie je chápaná negatívne, na druhej strane sa však objavuje u libertínskych autorov skepticizmus voči možnosti nájsť úprimnú l...

Ausführliche Beschreibung

Gespeichert in:
Bibliographische Detailangaben
1. Verfasser: Tureková, Andrea, 1979-
Format: Buchkapitel
Sprache:Slowakisch
Schlagworte:
Tags: Tag hinzufügen
Keine Tags, Fügen Sie das erste Tag hinzu!

MARC

LEADER 00000naa a2200000 4500
001 0289373
005 20240502074432.1
041 0 |a slo 
044 |a SK 
245 1 0 |a Od vášne k citu vo francúzskom románe 18. storočia: Charles Duclos a jeho spovede Grófa de *** (1741)  |c Andrea Tureková 
520 |a Vo francúzskom románe 18. storočia dochádza k radikálnej zmene chápania vášní, prioritne lásky ako hlavnej témy románového príbehu. Oproti klasicistickej koncepcii vášeň už nie je chápaná negatívne, na druhej strane sa však objavuje u libertínskych autorov skepticizmus voči možnosti nájsť úprimnú lásku uprostred povrchnosti ľúbostných vzťahov panujúcej v mondénnej spoločnosti. Charles Duclos vo svojom románe Spovede grófa de *** ponúka istú odpoveď na túto dilemu libertínskeho románu: posun od vášne k citu. 
610 2 0 |a literatúra 
610 2 0 |a história 
610 2 0 |a jazyky cudzie 
610 2 0 |a francúzština 
100 1 |a Tureková, Andrea, 1979-